Иностранные инвестиции (вопросы теории и практики зарубежных стран): учебное пособие

Dades bibliogràfiques
Autor principal: Костюнина Г. М.
Sumari:Предлагаемое учебное пособие посвящено иностранным инвестициям: их понятию, формам и способам осуществления. Рассмотрены инвестиции в новые проекты, стратегические альянсы, слияния и поглощения, тенденции развития мировых рынков инвестиционных потоков. Даны характеристика регулирования иностранных инвестиций на национальном, двустороннем, региональном и международном уровнях; концепция национальной инвестиционной поли­тики и инструменты ее осуществления; эффективность инвестиционных ограничений; сущность и основные положения двусторонних соглашений о взаимной защите и поощрении иностранных инвестиций и межгосударственных соглашений об избежании двойного налогообложения доходов и имущества. Рассмотрены особенности инвестиционного регулирования в рамках интеграционных объединений в теоретическом и практическом плане, включая практику Европейского союза, НАФТА, МЕРКОСУР, АТЭС, АСЕАН и СНГ. Отдельный раздел посвящен регулированию инвестиций в рамках международных организаций, таких как МВФ, Группа Всемирного банка, Всемирная торговая организация, ОЭСР. Рекомендуется для студентов, обучающихся по специальностям «Мировая экономика», «Финансы и кредит» и «Регионоведение», а также для широкого круга лиц, интересующихся практикой иностранного инвестирования.
Idioma:rus
Publicat: Москва, Инфра-М, 2014
Col·lecció:Высшее образование. Бакалавриат
Matèries:
Format: MixedMaterials Llibre
KOHA link:https://koha.lib.tpu.ru/cgi-bin/koha/opac-detail.pl?biblionumber=259981

MARC

LEADER 00000nam0a2200000 4500
001 259981
005 20231101233433.0
010 |a 9785160069500 
035 |a (RuTPU)RU\TPU\book\282927 
090 |a 259981 
100 |a 20140513d2014 m y0rusy50 ca 
101 0 |a rus 
102 |a RU 
105 |a a j 001zy 
200 1 |a Иностранные инвестиции (вопросы теории и практики зарубежных стран)  |e учебное пособие  |f Г. М. Костюнина 
210 |a Москва  |c Инфра-М  |d 2014 
215 |a 304 с.  |c ил. 
225 1 |a Высшее образование. Бакалавриат 
320 |a Библиогр.: с. 296-298. 
330 |a Предлагаемое учебное пособие посвящено иностранным инвестициям: их понятию, формам и способам осуществления. Рассмотрены инвестиции в новые проекты, стратегические альянсы, слияния и поглощения, тенденции развития мировых рынков инвестиционных потоков. Даны характеристика регулирования иностранных инвестиций на национальном, двустороннем, региональном и международном уровнях; концепция национальной инвестиционной поли­тики и инструменты ее осуществления; эффективность инвестиционных ограничений; сущность и основные положения двусторонних соглашений о взаимной защите и поощрении иностранных инвестиций и межгосударственных соглашений об избежании двойного налогообложения доходов и имущества. Рассмотрены особенности инвестиционного регулирования в рамках интеграционных объединений в теоретическом и практическом плане, включая практику Европейского союза, НАФТА, МЕРКОСУР, АТЭС, АСЕАН и СНГ. Отдельный раздел посвящен регулированию инвестиций в рамках международных организаций, таких как МВФ, Группа Всемирного банка, Всемирная торговая организация, ОЭСР. Рекомендуется для студентов, обучающихся по специальностям «Мировая экономика», «Финансы и кредит» и «Регионоведение», а также для широкого круга лиц, интересующихся практикой иностранного инвестирования. 
606 1 |a Иностранные инвестиции  |2 stltpush  |3 (RuTPU)RU\TPU\subj\36188  |9 57655 
606 1 |a Инвестиции  |2 stltpush  |3 (RuTPU)RU\TPU\subj\36163  |9 57637 
610 1 |a зарубежные страны 
610 1 |a инвестиционная деятельность 
610 1 |a инвестиционная политика 
610 1 |a инвестиционная сфера 
610 1 |a инвестиционное развитие 
610 1 |a прямые инвестиции 
610 1 |a регулирование 
610 1 |a мировая практика 
610 1 |a стимулирование 
610 1 |a регулирование 
610 1 |a инвестиционные соглашения 
610 1 |a региональные инвестиции 
610 1 |a регионы 
610 1 |a страны мира 
610 1 |a экономическая интеграция 
610 1 |a Евросоюз 
610 1 |a Северная Америка 
610 1 |a НАФТА 
610 1 |a Латинская Америка 
610 1 |a Азиатско-тихоокеанский регион 
610 1 |a АСЕАН 
610 1 |a СНГ 
610 1 |a международные экономические организации 
610 1 |a экономическое сотрудничество 
610 1 |a энергетическая хартия 
610 1 |a МВФ 
610 1 |a Международный валютный фонд 
610 1 |a Всемирный банк 
610 1 |a Международный банк реконструкции и развития 
610 1 |a ВТО 
610 1 |a Всемирная торговая организация 
610 1 |a учебные пособия 
686 |a У826я73  |v LBC/SL-A  |2 rubbk 
686 |a У9(2)0-56я73  |v LBC/SL-A  |2 rubbk 
700 1 |a Костюнина  |b Г. М. 
801 1 |a RU  |b 63413507  |c 20140513 
801 2 |a RU  |b 63413507  |c 20140909  |g RCR 
942 |c BK 
959 |a 79/20140513  |d 2  |e 449,90  |f ЧЗГЛ:1  |f АНЛ:1